Language Quiz

Random Language or Letter Quiz

One of Each Words Quiz Stats

Quiz Updated Jul 25, 2012

Challenge
Share
Tweet
Embed
Score 0/40 Timer 05:00
1 Play Today
Clue Word % Correct
___-ZagZIG
98.3%
Not her, but ___HIM
96.9%
Candle ingredientWAX
95.4%
Actor ___ GibsonMEL
95%
Woman's undergarmentBRA
90.9%
Shake head in agreementNOD
90%
Actress ___ LongoriaEVA
88.4%
A lumberjack's toolAXE
87.9%
Attila the ___HUN
86.9%
Lion's lair or room in a houseDEN
86.4%
Disney's 'The ___ and the Hound'FOX
85.9%
___ RummyGIN
83.6%
A crow's callCAW
83.6%
Superman enemy ___ LuthorLEX
82.7%
Task or careerJOB
82.4%
eBay actionBID
80.6%
Fish that's often beer-batteredCOD
80.6%
Precious stoneGEM
79.4%
'Snap into a Slim ___!'JIM
77.6%
It's used to find treasureMAP
77.3%
Clue Word % Correct
Las Vegas crime showCSI
76.9%
Terminate or ceaseEND
72.5%
Pretend or a part in a playACT
70.8%
TV network with Sesame Street and NovaPBS
68.3%
Shark presence indicatorFIN
65.8%
___ choy (Chinese vegetable)BOK
64.8%
Stewie Griffin's sisterMEG
63.1%
Type of sandwich or prefix for underneathSUB
61%
Alternate spelling of last letter of alphabetZED
60.4%
Annoy or a pesky insectBUG
60.4%
Zero, zilch, nadaNIL
59.5%
Like a sweet potatoYAM
59.1%
A tawny tone of brownTAN
55.7%
Electrocute or destroyZAP
54.8%
Something opened at a barTAB
53.9%
By means ofVIA
49.4%
Witch's evil spellHEX
48%
It's 'kid tested and mother approved'KIX
44.3%
Where cranberries growBOG
44.1%
Amusement or mirthFUN
41.3%

You're not logged in!

Compare scores with friends on all Sporcle quizzes.
Sign Up with Email
OR
Log In

You Might Also Like...

Show Comments

Extras

Top Quizzes Today


Score Distribution

Your Account Isn't Verified!

In order to create a playlist on Sporcle, you need to verify the email address you used during registration. Go to your Sporcle Settings to finish the process.

Report this User

Report this user for behavior that violates our Community Guidelines.

Details: